La imagen: Análisis y representación de la realidad
Saved in:
| Main Authors: | , , , |
|---|---|
| Format: | Bog |
| Sprog: | spansk |
| Udgivet: |
Barcelona
Gedisa
2006
|
| Udgivelse: | 1a. ed |
| Serier: | Multimedia, 29
|
| Fag: | |
| Tags: |
Tilføj Tag
Ingen Tags, Vær først til at tagge denne postø!
|
MARC
| LEADER | 00000nam a2200000 a 4500 | ||
|---|---|---|---|
| 001 | UCG2093 | ||
| 003 | CL-VaPUC | ||
| 008 | 100610e20061000SP |||||||||||||||||spa|d | ||
| 020 | |a 9788497842082 | ||
| 082 | 0 | 4 | |a 302.222 |b APA |2 21 |
| 100 | 0 | |a Aparici, Roberto |e author |9 550383 | |
| 700 | 0 | |a García Matilla, Agustín |e author |9 550384 | |
| 700 | 0 | |a Fernández Baena, Jenaro |e author |9 550385 | |
| 700 | 0 | |a Osuna Acedo, Sara |e author |9 550386 | |
| 245 | 1 | 3 | |a La imagen: Análisis y representación de la realidad |
| 250 | |a 1a. ed | ||
| 300 | |a 329 p | ||
| 942 | |c BK | ||
| 945 | |d 20100610 00:00:00 |a dcastane | ||
| 260 | |a Barcelona |b Gedisa |c 2006 | ||
| 650 | 0 | |a Comunicación audiovisual |9 268089 | |
| 650 | 0 | |a Imagen |9 311402 | |
| 650 | 7 | |a PSICOLOGIA DE LA COMUNICACION |2 CL-VaPUC |9 332059 | |
| 650 | 0 | |a Medios de comunicación |9 257206 | |
| 650 | 0 | |a Color |9 265507 | |
| 650 | 0 | |a Luz |9 263172 | |
| 650 | 0 | |a Espacio |9 336785 | |
| 583 | |a last modification |c 20100610 00:00:00 |k Rodrigo Vera | ||
| 490 | 0 | |a Multimedia, 29 | |
| 999 | |c 341333 |d 341331 | ||
| 952 | |0 0 |1 0 |4 0 |6 302_222000000000000_APA_2006 |7 0 |8 A |9 436715 |a BIBCUR |b BIBCUR |d 2019-11-22 |i 4685008 |l 4 |o 302.222 APA 2006 |p 4685008 |r 2025-04-22 |s 2022-06-29 |w 2019-11-22 |y BK |k PER | ||